000 00583nam a2200181 i 4500
001 57438
003 ES-MaACL
005 20230906163558.0
007 t|
008 031016s1968 sp ||||1| spa d
100 1 _aDorfles, Gillo.
_945398
245 1 0 _aSímbolo, comunicación y consumo /
_cGillo Dorfles ; prólogo de Alexandre Ciria ; [traducción Maria Rosa Viale].
260 _a[Barcelona] :
_bLumen,
_c[1968]
300 _a268 p., 24 lám. ;
_c19 cm.
700 1 _aCiria, Alexandre.
_938885
700 1 _aViale, María Rosa.
_9114272
852 _aES-MaACL
_jC-35313
_bR.67699
999 _c57438
_d57438